| 000 | 00675nam a2200217Ia 4500 | ||
|---|---|---|---|
| 003 | OSt | ||
| 005 | 20251009102332.0 | ||
| 008 | 220923b |||||||| |||| 00| 0 eng d | ||
| 037 | _cReference | ||
| 040 |
_aRTL _cRTL _beng |
||
| 041 |
_2eng _aeng |
||
| 084 |
_aX:3M24xM18 K7/SC _qRTL |
||
| 100 |
_aLewis, John _977591 |
||
| 245 | 0 | _aThe Life and training of Karl Marx | |
| 260 |
_aNew York _bInternational Publishers _c1965 |
||
| 300 |
_a286 p. _bIncludes bibliographical reference and index |
||
| 650 |
_aKarl Marx biography _9847780 |
||
| 650 |
_aEconomic _9847781 |
||
| 942 |
_hX:3M24xM18 K7/SC _cREF _2CC _n0 |
||
| 999 |
_c626179 _d626179 |
||